[Event "Oberliga NRW 2122"]
[Site "Germany"]
[Date "2022.04.10"]
[Round "8.5"]
[White "Bonnmann, Reinhard"]
[Black "Hunold, Rolf"]
[Result "1-0"]
[WhiteElo "2263"]
[BlackElo "2029"]
[PlyCount "87"]
[EventDate "2021.10.31"]
[EventType "team-tourn"]
[EventRounds "9"]
[EventCountry "GER"]
[SourceTitle "EXT 2023"]
[Source "ChessBase"]
[SourceDate "2022.10.05"]
[SourceVersion "1"]
[SourceVersionDate "2022.10.05"]
[SourceQuality "1"]
[WhiteTeam "Koeln SF"]
[BlackTeam "Letmathe"]
[WhiteTeamCountry "GER"]
[BlackTeamCountry "GER"]

1. d4 Nf6 2. c4 e6 3. Nf3 b6 4. g3 Bb7 5. Bg2 Bb4+ 6. Bd2 a5 7. 0-0 Bxd2 8. Qxd2 d6 9. Nc3 0-0 10. Qf4 Qe7 11. e4 Nfd7 12. Rad1 Na6 13. Rfe1 Rad8 14. a3 h6 15. Qc1 Qe8 16. Qb1 e5 17. d5 Bc8 18. b4 axb4 19. axb4 g5 20. Bh3 Nf6 21. Bxc8 Rxc8 22. Nb5 Qd7 23. Kg2 Ra8 24. Rd3 Rfd8 25. Nd2 c6 26. dxc6 Qxc6 27. Nc3 Nc7 28. Rc1 Qe8 29. Nf1 b5 30. Rcd1 bxc4 31. Rxd6 Rxd6 32. Rxd6 Ne6 33. Ne3 Qf8 34. Nf5 Kh7 35. Nd5 Ne8 36. Rd7 Rd8 37. Rxd8 Nxd8 38. Qc2 Nc6 39. Qxc4 Nd4 40. Nxd4 exd4 41. Qxd4 Qd6 42. b5 Kg6 43. b6 Ng7 44. Nf4+ 1-0

[Event "Oberliga NRW 1819"]
[Site "Germany"]
[Date "2019.04.14"]
[Round "8.5"]
[White "Mundorf, Johannes"]
[Black "Bonnmann, Reinhard"]
[Result "1/2-1/2"]
[WhiteElo "2210"]
[BlackElo "2247"]
[PlyCount "56"]
[EventDate "2018.09.16"]
[EventType "team-tourn"]
[EventRounds "9"]
[EventCountry "GER"]
[SourceTitle "EXT 2020"]
[Source "ChessBase"]
[SourceDate "2019.10.17"]
[SourceVersion "1"]
[SourceVersionDate "2019.10.17"]
[SourceQuality "1"]
[WhiteTeam "Dinslaken"]
[BlackTeam "Koeln SF"]
[WhiteTeamCountry "GER"]
[BlackTeamCountry "GER"]

1. Nf3 g6 2. c4 Bg7 3. Nc3 Nf6 4. e4 0-0 5. e5 Ne8 6. d4 d6 7. exd6 Nxd6 8. Be2 Bg4 9. 0-0 Nc6 10. d5 Bxf3 11. Bxf3 Nd4 12. b3 e5 13. Bb2 f5 14. c5 Nf7 15. Be2 b6 16. Nb5 bxc5 17. Ba3 Nxe2+ 18. Qxe2 a6 19. Nc3 e4 20. Rac1 Ne5 21. Bxc5 Re8 22. Rc2 Nd3 23. Be3 Kh8 24. Rd1 Be5 25. f3 Nb4 26. Rcc1 Nd3 27. Rc2 Nb4 28. Rcc1 Nd3 1/2-1/2

[Event "BL2-West 1718"]
[Site "Germany"]
[Date "2018.03.18"]
[Round "8.7"]
[White "Bonnmann, Reinhard"]
[Black "Repplinger, Marc"]
[Result "1/2-1/2"]
[WhiteElo "2229"]
[BlackElo "2188"]
[PlyCount "114"]
[EventDate "2017.10.08"]
[EventType "team-tourn"]
[EventRounds "9"]
[EventCountry "GER"]
[SourceTitle "CBM 183 Extra"]
[Source "ChessBase"]
[SourceDate "2018.04.19"]
[SourceVersion "1"]
[SourceVersionDate "2018.04.19"]
[SourceQuality "1"]
[WhiteTeam "Koeln SF"]
[BlackTeam "Koblenz"]
[WhiteTeamCountry "GER"]
[BlackTeamCountry "GER"]

1. Nf3 d5 2. d4 e6 3. c4 c5 4. cxd5 exd5 5. g3 Nc6 6. Bg2 Nf6 7. 0-0 Be7 8. Be3 c4 9. Ne5 0-0 10. b3 cxb3 11. axb3 Bf5 12. Nxc6 bxc6 13. Nc3 Re8 14. Bf4 Qd7 15. Na4 Bh3 16. Rc1 Rac8 17. Rc2 Bf5 18. Ra2 Qb7 19. Bg5 Qb4 20. Bf4 h6 21. h3 Bf8 22. Nb2 a5 23. Bc1 Ra8 24. Nd3 Qb5 25. Ba3 Bxa3 26. Rxa3 Bxd3 27. Qxd3 Rxe2 28. Qxb5 cxb5 29. Rfa1 Rb2 30. Rxa5 Rxa5 31. Rxa5 Rxb3 32. Ra8+ Kh7 33. Rd8 Rb4 34. Rb8 Rb1+ 35. Bf1 b4 36. Kg2 g6 37. Bb5 Rd1 38. Bc6 Rxd4 39. Rb5 Kg7 40. Kf3 g5 41. Ke3 Re4+ 42. Kd3 Rc4 43. Bxd5 Rc3+ 44. Kd2 Nxd5 45. Rxd5 Rf3 46. Ke2 Rb3 47. Rb5 Rb1 48. h4 gxh4 49. gxh4 b3 50. Kf3 Kf6 51. Kg4 Kg6 52. Rb6+ Kg7 53. f4 b2 54. Kf5 h5 55. Rb8 Rh1 56. Rxb2 Rxh4 57. Rg2+ Rg4 1/2-1/2

[Event "BL2-West 1718"]
[Site "Germany"]
[Date "2017.10.22"]
[Round "2.6"]
[White "Bonnmann, Reinhard"]
[Black "Werthebach, Felix"]
[Result "1-0"]
[WhiteElo "2229"]
[BlackElo "2172"]
[PlyCount "79"]
[EventDate "2017.10.08"]
[EventType "team-tourn"]
[EventRounds "9"]
[EventCountry "GER"]
[SourceTitle "CBM 183 Extra"]
[Source "ChessBase"]
[SourceDate "2018.04.19"]
[SourceVersion "1"]
[SourceVersionDate "2018.04.19"]
[SourceQuality "1"]
[WhiteTeam "Koeln SF"]
[BlackTeam "Bochum SG"]
[WhiteTeamCountry "GER"]
[BlackTeamCountry "GER"]

1. d4 f5 2. g3 Nf6 3. Bg2 d6 4. Nf3 g6 5. 0-0 Bg7 6. c4 0-0 7. Nc3 Qe8 8. b3 c6 9. Ba3 Na6 10. b4 Be6 11. d5 Bd7 12. Rb1 Nc7 13. dxc6 bxc6 14. Nd4 Rb8 15. b5 cxb5 16. cxb5 Kh8 17. Nc6 Nxb5 18. Nxb8 Nxc3 19. Qd3 Nxb1 20. Rxb1 Be6 21. Nc6 Ne4 22. Nd4 Bxa2 23. Ra1 Qf7 24. Bb2 Bc4 25. Qa3 Rb8 26. e3 a6 27. f3 Nc5 28. Bc3 Qe8 29. Qc1 e5 30. Be1 d5 31. Qa3 exd4 32. Qxc5 dxe3 33. Rc1 h6 34. f4 Qe6 35. Qa7 Rb2 36. Bf3 g5 37. fxg5 hxg5 38. g4 fxg4 39. Bh1 Qf5 40. Qa8+ 1-0

[Event "Oberliga NRW 1617"]
[Site "Germany"]
[Date "2017.02.12"]
[Round "6.5"]
[White "Bonnmann, Reinhard"]
[Black "Messarius, Juergen"]
[Result "0-1"]
[WhiteElo "2272"]
[BlackElo "2198"]
[PlyCount "84"]
[EventDate "2016.09.25"]
[EventType "team-tourn"]
[EventRounds "9"]
[EventCountry "GER"]
[SourceTitle "EXT 2020"]
[Source "ChessBase"]
[SourceDate "2019.10.17"]
[SourceVersion "1"]
[SourceVersionDate "2019.10.17"]
[SourceQuality "1"]
[WhiteTeam "Koeln SF"]
[BlackTeam "Iserlohn Koenigsspringer"]
[WhiteTeamCountry "GER"]
[BlackTeamCountry "GER"]

1. d4 g6 2. e4 c6 3. c4 d5 4. exd5 cxd5 5. Nc3 dxc4 6. Bxc4 Bg7 7. Nf3 Nf6 8. 0-0 0-0 9. Re1 Bg4 10. h3 Bxf3 11. Qxf3 Nc6 12. d5 Nd4 13. Qd1 Nf5 14. Bf4 Rc8 15. Bb3 Nd7 16. Qe2 a6 17. Rad1 Re8 18. Qf3 b5 19. d6 e6 20. Qb7 Nc5 21. Qa7 Qd7 22. Qxd7 Nxd7 23. Rc1 Nd4 24. Bd1 e5 25. Nd5 Rxc1 26. Bxc1 Re6 27. a4 Rxd6 28. Nc3 Nc5 29. Ne4 Nxe4 30. Rxe4 Rc6 31. Bd2 f5 32. Re1 Nc2 33. axb5 axb5 34. Bxc2 Rxc2 35. Bc3 e4 36. Rb1 Bf8 37. Bd4 b4 38. Rd1 Bg7 39. g4 Bxd4 40. Rxd4 Rxb2 41. gxf5 gxf5 42. Rd5 b3 0-1

[Event "Oberliga NRW 1516"]
[Site "Germany"]
[Date "2016.04.03"]
[Round "8.7"]
[White "Miedema, David"]
[Black "Bonnmann, Reinhard"]
[Result "1-0"]
[WhiteElo "2337"]
[BlackElo "2237"]
[PlyCount "93"]
[EventDate "2015.09.27"]
[EventType "team-tourn"]
[EventRounds "9"]
[EventCountry "GER"]
[SourceTitle "EXT 2017"]
[Source "ChessBase"]
[SourceDate "2016.10.25"]
[SourceVersion "1"]
[SourceVersionDate "2016.10.25"]
[SourceQuality "1"]
[WhiteTeam "Duesseldorf"]
[BlackTeam "Koeln SF"]
[WhiteTeamCountry "GER"]
[BlackTeamCountry "GER"]

1. d4 Nf6 2. c4 g6 3. f3 Bg7 4. e4 0-0 5. Ne2 c6 6. Nbc3 d5 7. cxd5 cxd5 8. e5 Ne8 9. Qb3 Nc6 10. Qxd5 Nc7 11. Qxd8 Rxd8 12. Be3 Be6 13. a3 b5 14. Rc1 Bc4 15. Kf2 f6 16. exf6 Bxf6 17. Ne4 Nd5 18. Nxf6+ exf6 19. b3 Nxe3 20. Kxe3 Re8+ 21. Kf2 Bxe2 22. Rxc6 Bxf1 23. Rxf1 Rad8 24. Rd1 Kf7 25. d5 Rd7 26. d6 Re5 27. f4 Re4 28. Kf3 f5 29. g4 a5 30. gxf5 gxf5 31. Rc5 Ke6 32. Rxf5 Re1 33. Rxe1+ Kxf5 34. Re5+ Kf6 35. Rd5 Kf7 36. Ke4 Ke8 37. Ke5 Rg7 38. Rxb5 Rg2 39. Rb8+ Kd7 40. Rb7+ Kd8 41. Rxh7 Re2+ 42. Kd5 Re3 43. f5 a4 44. bxa4 Rxa3 45. f6 Rxa4 46. f7 Rf4 47. Ke5 1-0

[Event "Oberliga NRW 1516"]
[Site "Germany"]
[Date "2016.03.06"]
[Round "7.6"]
[White "Haude, Ruediger"]
[Black "Bonnmann, Reinhard"]
[Result "1/2-1/2"]
[WhiteElo "2035"]
[BlackElo "2237"]
[PlyCount "39"]
[EventDate "2015.09.27"]
[EventType "team-tourn"]
[EventRounds "9"]
[EventCountry "GER"]
[SourceTitle "EXT 2017"]
[Source "ChessBase"]
[SourceDate "2016.10.25"]
[SourceVersion "1"]
[SourceVersionDate "2016.10.25"]
[SourceQuality "1"]
[WhiteTeam "Letmathe"]
[BlackTeam "Koeln SF"]
[WhiteTeamCountry "GER"]
[BlackTeamCountry "GER"]

1. Nf3 g6 2. c4 Bg7 3. Nc3 Nf6 4. e4 d6 5. d4 0-0 6. h3 c5 7. d5 b5 8. cxb5 a6 9. b6 Qxb6 10. Be2 e6 11. 0-0 exd5 12. exd5 Nbd7 13. a4 Re8 14. a5 Qd8 15. Bd3 Rb8 16. Qc2 Rb4 17. Na2 Rb8 18. Nc3 Rb4 19. Na2 Rb8 20. Nc3 1/2-1/2

[Event "Oberliga NRW 1516"]
[Site "Germany"]
[Date "2015.11.22"]
[Round "3.6"]
[White "Weimann, Maximilian"]
[Black "Bonnmann, Reinhard"]
[Result "0-1"]
[WhiteElo "2197"]
[BlackElo "2237"]
[PlyCount "130"]
[EventDate "2015.09.27"]
[EventType "team-tourn"]
[EventRounds "9"]
[EventCountry "GER"]
[SourceTitle "EXT 2017"]
[Source "ChessBase"]
[SourceDate "2016.10.25"]
[SourceVersion "1"]
[SourceVersionDate "2016.10.25"]
[SourceQuality "1"]
[WhiteTeam "Wuerselen"]
[BlackTeam "Koeln SF"]
[WhiteTeamCountry "GER"]
[BlackTeamCountry "GER"]

1. e4 c5 2. Nf3 Nc6 3. Bb5 g6 4. 0-0 Bg7 5. Re1 Nf6 6. c3 0-0 7. e5 Nd5 8. d4 Nc7 9. Bf1 d6 10. Nbd2 cxd4 11. cxd4 dxe5 12. dxe5 Ne6 13. Nc4 b6 14. Bd2 Bb7 15. Bc3 b5 16. Na5 Nxa5 17. Qxd8 Nxd8 18. Bxa5 Bxf3 19. Bxd8 Rfxd8 20. gxf3 Rd5 21. f4 Rad8 22. Rac1 e6 23. Rc7 a5 24. Ra7 b4 25. Kg2 Rd4 26. Rxa5 Rxf4 27. Re3 Rf5 28. Rb5 Rd2 29. Rf3 Rxf3 30. Kxf3 Rxb2 31. Bc4 Bf8 32. Bb3 Rd2 33. Rb8 Rd7 34. Rc8 Kg7 35. Ke3 Be7 36. Kf3 g5 37. h3 h5 38. Kg3 Bd8 39. Rc6 Be7 40. Kf3 Rd3+ 41. Kg2 Rd7 42. Kf3 Kh6 43. Rc8 Rd4 44. Rc4 Rd3+ 45. Kg2 Kg7 46. Rc7 Kf8 47. Rc8+ Bd8 48. Rb8 Rd4 49. Kg3 Kg7 50. Rb7 h4+ 51. Kg2 Kf8 52. Kf3 g4+ 53. hxg4 Bg5 54. Rc7 Rd3+ 55. Kg2 h3+ 56. Kg1 Bf4 57. Rc4 h2+ 58. Kg2 Rh3 59. Kh1 Rf3 60. Rc2 Bxe5 61. Re2 Bd6 62. Kg2 Rf4 63. f3 Rxf3 64. Re1 Rg3+ 65. Kf2 Rg1 0-1

[Event "Oberliga NRW 1314"]
[Site "Germany"]
[Date "2014.02.02"]
[Round "6.3"]
[White "Bonnmann, Reinhard"]
[Black "Michalczak, Thomas"]
[Result "1/2-1/2"]
[WhiteElo "2189"]
[BlackElo "2304"]
[PlyCount "55"]
[EventDate "2013.09.15"]
[EventType "team-tourn"]
[EventRounds "9"]
[EventCountry "GER"]
[SourceTitle "EXT 2015"]
[Source "ChessBase"]
[SourceDate "2014.11.20"]
[SourceVersion "1"]
[SourceVersionDate "2014.11.20"]
[SourceQuality "1"]
[WhiteTeam "Koeln SF"]
[BlackTeam "Solingen II"]
[WhiteTeamCountry "GER"]
[BlackTeamCountry "GER"]

1. d4 d5 2. c4 e6 3. Nf3 Nf6 4. g3 Be7 5. Bg2 0-0 6. 0-0 dxc4 7. Qc2 a6 8. a4 Bd7 9. Qxc4 Bc6 10. Bg5 Bd5 11. Qc2 Be4 12. Qb3 Nc6 13. Nc3 Bxf3 14. Bxf3 Nxd4 15. Qxb7 Rb8 16. Qxa6 Nxf3+ 17. exf3 Rxb2 18. Bc1 Rb3 19. Qc4 Rb4 20. Qe2 Qd4 21. Bb2 Rfb8 22. Rfb1 Nd5 23. Nb5 Qb6 24. Be5 Rxb1+ 25. Rxb1 Ra8 26. Qc2 Qa5 27. Qc6 Qxa4 28. Ra1 1/2-1/2

[Event "Mittelrhein Verbandsliga-M 1112"]
[Site "Germany"]
[Date "2011.11.13"]
[Round "3.2"]
[White "Marcks, Martin"]
[Black "Bonnmann, Reinhard"]
[Result "1/2-1/2"]
[WhiteElo "2063"]
[BlackElo "2210"]
[PlyCount "113"]
[EventDate "2011.09.18"]
[EventType "team-tourn"]
[EventRounds "11"]
[EventCountry "GER"]
[SourceTitle "EXT 2013"]
[Source "ChessBase"]
[SourceDate "2012.11.22"]
[SourceVersion "1"]
[SourceVersionDate "2012.11.22"]
[SourceQuality "1"]
[WhiteTeam "Rheinpark BSG"]
[BlackTeam "Koeln SF II"]
[WhiteTeamCountry "GER"]
[BlackTeamCountry "GER"]

1. d4 Nf6 2. c4 g6 3. Nc3 Bg7 4. Nf3 0-0 5. Bf4 d5 6. e3 c5 7. Be2 cxd4 8. exd4 dxc4 9. Bxc4 Bg4 10. Be2 Nc6 11. h3 Bxf3 12. Bxf3 Nxd4 13. Bxb7 Nh5 14. Bc1 Rb8 15. Bf3 e5 16. 0-0 Nf4 17. Rb1 g5 18. Bxf4 gxf4 19. Qd3 f5 20. Bd5+ Kh8 21. f3 Rb6 22. Rf2 Rd6 23. Bc4 Qb6 24. Nd5 Qb7 25. Nc3 Rfd8 26. Qf1 Qb6 27. Kh1 Nc6 28. b3 Qe3 29. Nb5 Rd2 30. Rxd2 Rxd2 31. Re1 Qc5 32. Re2 Rxe2 33. Qxe2 a6 34. Nc3 Nd4 35. Qf2 Qa3 36. Qd2 Bf6 37. Nd5 Bh4 38. Kg1 Qc5 39. Kh1 Qa3 40. Kg1 Qc5 41. Kh1 Bg3 42. Nc3 a5 43. Na4 Qb4 44. Qc1 Kg7 45. Nc3 Qd6 46. Qd2 Nb5 47. Nd5 Nd4 48. Qxa5 Nc6 49. Qb6 e4 50. Qc7+ Qxc7 51. Nxc7 Kf6 52. Kg1 Ke5 53. Nb5 Nb4 54. a4 Bh4 55. Kf1 Bd8 56. Ke2 h6 57. Bf7 1/2-1/2

[Event "Mittelrhein Verbandsliga-M 1112"]
[Site "Germany"]
[Date "2011.09.18"]
[Round "1.2"]
[White "Schwis, Joachim"]
[Black "Bonnmann, Reinhard"]
[Result "0-1"]
[WhiteElo "1960"]
[BlackElo "2210"]
[PlyCount "55"]
[EventDate "2011.09.18"]
[EventType "team-tourn"]
[EventRounds "11"]
[EventCountry "GER"]
[SourceTitle "EXT 2013"]
[Source "ChessBase"]
[SourceDate "2012.11.22"]
[SourceVersion "1"]
[SourceVersionDate "2012.11.22"]
[SourceQuality "1"]
[WhiteTeam "Koeln Ford SF II"]
[BlackTeam "Koeln SF II"]
[WhiteTeamCountry "GER"]
[BlackTeamCountry "GER"]

1. c4 g6 2. Nc3 Bg7 3. Nf3 d6 4. g3 e5 5. Bg2 Nc6 6. d3 f5 7. 0-0 Nf6 8. Rb1 0-0 9. Bd2 h6 10. b4 g5 11. Na4 Be6 12. Bc3 Qe8 13. b5 Ne7 14. Nxe5 dxe5 15. Bxe5 b6 16. e3 Ng6 17. Bxf6 Bxf6 18. Bc6 Bd7 19. Bxa8 Qxa8 20. d4 Kg7 21. Nc3 Be6 22. Qe2 f4 23. exf4 Bh3 24. Nd5 gxf4 25. Rfd1 Bg5 26. Rb3 Re8 27. Qf3 Qc8 28. gxf4 0-1

[Event "Cologne Ford op 17th"]
[Site "Cologne"]
[Date "2011.04.??"]
[Round "1"]
[White "Woehrmann, Hermann"]
[Black "Bonnmann, Reinhard"]
[Result "0-1"]
[WhiteElo "1617"]
[BlackElo "2228"]
[PlyCount "56"]
[EventDate "2011.04.12"]
[EventType "swiss"]
[EventRounds "7"]
[EventCountry "GER"]
[SourceTitle "EXT 2012"]
[Source "ChessBase"]
[SourceDate "2011.11.24"]
[SourceVersion "1"]
[SourceVersionDate "2011.11.24"]
[SourceQuality "1"]

1. d4 Nf6 2. Bf4 g6 3. e3 Bg7 4. Be2 0-0 5. Nf3 c5 6. c3 d6 7. dxc5 dxc5 8. Bxb8 Rxb8 9. 0-0 Qc7 10. Nbd2 b5 11. Re1 Bf5 12. Nh4 Bd7 13. Qc2 Nd5 14. g3 Rfd8 15. Rad1 Bh6 16. Bf3 Be6 17. e4 Nb6 18. Nb3 Nc4 19. Rxd8+ Rxd8 20. Rd1 Rxd1+ 21. Bxd1 a5 22. Be2 a4 23. Nc1 Qc6 24. Bxc4 Bxc4 25. b3 Be6 26. f4 axb3 27. axb3 Bc8 28. Nf3 Bb7 0-1

[Event "BL2-West 1011"]
[Site "Germany"]
[Date "2010.12.12"]
[Round "4.7"]
[White "Wegener, Olaf"]
[Black "Bonnmann, Reinhard"]
[Result "1-0"]
[WhiteElo "2429"]
[BlackElo "2266"]
[PlyCount "111"]
[EventDate "2010.10.10"]
[EventType "team-tourn"]
[EventRounds "9"]
[EventCountry "GER"]
[SourceTitle "EXT 2012"]
[Source "ChessBase"]
[SourceDate "2011.11.24"]
[SourceVersion "1"]
[SourceVersionDate "2011.11.24"]
[SourceQuality "1"]
[WhiteTeam "Dortmund Hansa"]
[BlackTeam "Koeln SF"]
[WhiteTeamCountry "GER"]
[BlackTeamCountry "GER"]

1. e4 c5 2. Nf3 Nc6 3. d4 cxd4 4. Nxd4 Nf6 5. Nc3 e5 6. Ndb5 d6 7. Bg5 a6 8. Na3 b5 9. Nd5 Be7 10. Bxf6 Bxf6 11. c4 b4 12. Nc2 0-0 13. Be2 Rb8 14. Qd3 Be6 15. 0-0 Bg5 16. b3 Qd7 17. Rad1 Qa7 18. Qg3 Bd8 19. Nde3 Qe7 20. Nf5 Bxf5 21. exf5 Nd4 22. Nxd4 exd4 23. Rfe1 Qe5 24. Qg4 Bf6 25. Bf3 Qa5 26. Re2 Rbe8 27. Be4 Re7 28. g3 Rfe8 29. Rde1 Qc5 30. Qf3 h6 31. Qh5 a5 32. Bd5 Be5 33. f6 Re6 34. Bxe6 Rxe6 35. Qf3 Rxf6 36. Qa8+ Kh7 37. Qe4+ g6 38. Kg2 Rf5 39. Rd1 Bg7 40. Rd3 d5 41. cxd5 Re5 42. Qf3 Rxe2 43. Qxe2 Qxd5+ 44. Qf3 Qe6 45. Rd2 h5 46. Re2 Qd7 47. h4 Kg8 48. Rc2 Kh7 49. Rc5 Qa7 50. Rb5 Qa6 51. Qd5 f5 52. Rxa5 Qe2 53. Ra7 Kh6 54. Qf3 Qe6 55. Qf4+ Kh7 56. Qxd4 1-0

[Event "Cologne Ford op"]
[Site "Cologne"]
[Date "2010.06.07"]
[Round "7"]
[White "Cordts, Ingo"]
[Black "Bonnmann, Reinhard"]
[Result "0-1"]
[WhiteElo "2158"]
[BlackElo "2204"]
[PlyCount "70"]
[EventDate "2010.04.19"]
[EventType "swiss"]
[EventRounds "7"]
[EventCountry "GER"]
[SourceTitle "EXT 2011"]
[Source "ChessBase"]
[SourceDate "2010.11.26"]
[SourceVersion "1"]
[SourceVersionDate "2010.11.26"]
[SourceQuality "1"]

1. e4 c5 2. Nc3 Nc6 3. Nf3 Nf6 4. Bb5 Qc7 5. 0-0 g6 6. Re1 Bg7 7. e5 Ng4 8. Nd5 Qb8 9. Qe2 e6 10. Bxc6 bxc6 11. Nc3 f6 12. exf6 Nxf6 13. Na4 Qb4 14. b3 0-0 15. c4 d6 16. d4 cxd4 17. Nxd4 Nh5 18. Rd1 Qb7 19. c5 d5 20. g3 e5 21. Nc2 Bf5 22. Ne1 Rae8 23. Bb2 Qd7 24. b4 e4 25. Bxg7 Nxg7 26. Qa6 Bg4 27. Rd2 Ne6 28. b5 cxb5 29. c6 Qg7 30. Nb2 Nd4 31. c7 Ne2+ 32. Kh1 Qc3 33. Rxe2 Bxe2 34. Rb1 Qxc7 35. a4 Qf7 0-1

[Event "Cologne Ford op"]
[Site "Cologne"]
[Date "2010.05.17"]
[Round "5"]
[White "Christensen, Niels"]
[Black "Bonnmann, Reinhard"]
[Result "1-0"]
[WhiteElo "2250"]
[BlackElo "2204"]
[PlyCount "97"]
[EventDate "2010.04.19"]
[EventType "swiss"]
[EventRounds "7"]
[EventCountry "GER"]
[SourceTitle "EXT 2011"]
[Source "ChessBase"]
[SourceDate "2010.11.26"]
[SourceVersion "1"]
[SourceVersionDate "2010.11.26"]
[SourceQuality "1"]

1. d4 Nf6 2. c4 g6 3. Nc3 Bg7 4. e4 d6 5. Be2 0-0 6. Bg5 h6 7. Be3 c5 8. e5 dxe5 9. dxe5 Qxd1+ 10. Rxd1 Ng4 11. Bxc5 Nxe5 12. Nd5 Nbc6 13. Nf3 Bf5 14. Nxe5 Bxe5 15. Bxe7 Rfc8 16. Bf6 Bxf6 17. Nxf6+ Kg7 18. Nd5 Ne5 19. Ne7 Rc7 20. Nxf5+ gxf5 21. b3 a5 22. Rd5 Nc6 23. 0-0 Nb4 24. Rd2 Na6 25. Rfd1 a4 26. g3 axb3 27. axb3 Nc5 28. b4 Ne4 29. Rd7 Rxd7 30. Rxd7 Ra1+ 31. Kg2 Ra2 32. Kf3 b6 33. Ke3 Rb2 34. b5 Nc3 35. Bf3 Na4 36. Bd5 Rb3+ 37. Kf4 Nc5 38. Rxf7+ Kg6 39. Ke5 Nd3+ 40. Ke6 Nc5+ 41. Kd6 Rd3 42. Re7 Rd2 43. Kc6 Rxf2 44. h4 f4 45. gxf4 Rxf4 46. Kxb6 Na4+ 47. Ka5 Nc5 48. b6 Rxh4 49. Kb5 1-0